000 00728nam a2200241 i 4500
001 bg
245 0 0 _aInstruments of monetary management :
_bissues and country experiences /
_ceds Tomás J.T. Baliño, Lorena M. Zamalloa.
260 _aWashingotn :
_bInternational Monetary Fund,
_c1997.
300 _aX, 296 s. ;
_c24 cm.
504 _aBibliogr. przy rozdz.
650 9 _aPieniądz
_xpolityka
650 9 _aRynek finansowy
650 9 _aFinanse międzynarodowe
700 1 _aBALIÑO, Tomás J.T.
700 1 _aZAMALLOA, Lorena M.
020 _a1557755981
040 _cBPK
041 0 _aen
080 _a336.74:336.76:339.7
920 _a1-55775-598-1
942 _cKS
008 s pl f |000 0 pol
999 _c37070
_d37070
856 _uhttp://koha.tu.koszalin.pl/cgi-bin/koha/opac-detail.pl?biblionumber=37070
_yKatalog online BPK